PRACTICAL INSURANCE GUIDES INSURENCE LAW AN INTRODUCTION (Record no. 7829)

MARC details
000 -LEADER
fixed length control field 00427nam a22001697a 4500
005 - DATE AND TIME OF LATEST TRANSACTION
control field 20210904142451.0
008 - FIXED-LENGTH DATA ELEMENTS--GENERAL INFORMATION
fixed length control field 210823b ||||| |||| 00| 0 eng d
020 ## - INTERNATIONAL STANDARD BOOK NUMBER
ISBN 978-1-84311-6776
041 ## - LANGUAGE CODE
Language code of text/sound track or separate title eng
082 ## - DEWEY DECIMAL CLASSIFICATION NUMBER
Classification number 346.410
100 ## - MAIN ENTRY--AUTHOR NAME
Personal name MERKIN, ROBERT
245 ## - TITLE STATEMENT
Title PRACTICAL INSURANCE GUIDES INSURENCE LAW AN INTRODUCTION
260 ## - PUBLICATION, DISTRIBUTION, ETC. (IMPRINT)
Place of publication LONDON
Name of publisher INFORMA
Year of publication 2007
300 ## - PHYSICAL DESCRIPTION
Number of Pages 367;p
650 ## - SUBJECT ADDED ENTRY--TOPICAL TERM
Topical Term LAW
942 ## - ADDED ENTRY ELEMENTS (KOHA)
Koha item type Books
Holdings
Lost status Damaged status Collection code Home library Current library Shelving location Date acquired Source of acquisition Full call number Accession Number Koha item type
    LAW JRU Library JRU Library SHELF-30-D 23/08/2021 PURCESS 346.410 25853 Books